| 000 | 00574nam a2200181 4500 | ||
|---|---|---|---|
| 001 | 143432 | ||
| 003 | ES-MaACL | ||
| 005 | 20230906200818.0 | ||
| 007 | t| | ||
| 008 | 070214s1957 sp r ||||1| spa d | ||
| 100 | 1 |
_aSenet, André. _9105463 |
|
| 245 | 1 | 3 |
_aEl hombre a la busca de sus antepasados _b: novela de la paleontología / _cAndré Senet ; versión de Angel Ruiz Ayúcar. |
| 250 | _a1ª. ed. | ||
| 260 |
_aBarcelona : _bLuis de Caralt, _c1957. |
||
| 300 |
_a302 p. ; _c22 cm. |
||
| 700 | 1 |
_aRuiz Ayúcar, Angel. _9100662 |
|
| 852 |
_aES-MaACL _jC-13790 _bR.41642 |
||
| 999 |
_c143432 _d143432 |
||